000
00275nam a2200121 a 4500
008
110105s1975|||| d
245
1
0
_a
Štát a revolúcia
100
1
_a
Lenin, V. I.
260
_b
Pravda
_a
Bratislava
_c
1975
020
_c
5
044
_a
xo
_c
SK
041
_a
slo
999
_c
15485
_d
15485